00665cam a22002054a 45000010009000000050017000090080041000260100017000670200022000840200021001060400018001270410008001450420008001530800019001610820023001801000006002031010008002092450178002175040064003951320548020180216094013.0030520s2003 dcu 000 0 eng  a 2003011672 a0309089034 (pbk.) a0309505879 (PDF) aDLCcDLCdDLC aeng apcc a616.80427 WAS00a616.80427 WAS221 a7 aNEU00aGuidelines for the care and use of mammals in neuroscience and behavioral research /cCommittee on Guidelines for the Use of Animals in Neuroscience and Behavioral Research. aIncludes bibliographical references (p. 150-174) and index.